000
00301 a2200145 4500
250
_a
6ème éd.
245
_a
Manuel de diététique
100
_a
Lederer, J.
260
_c
1990
300
_a
109 p.
035
_a
7453
999
_c
17538
_d
17538